| 000 | 01698nam0a2200337 4500 | ||
|---|---|---|---|
| 001 | RU\NLR\bibl\25056 | ||
| 005 | 20250615020440.0 | ||
| 035 | _a(NLR Aleph) 000024405 | ||
| 090 |
_a116346 _c116346 |
||
| 100 | _a19990429d1997 |||y0rusy50 ca | ||
| 101 | 0 | _arus | |
| 102 | _aRU | ||
| 105 | _a||||||||||||| | ||
| 200 | 1 |
_aВредные привычки _e[О здоровом образе жизни] _fЗахарченко М.П., Лучкевич В.С., Кудерков С.М. |
|
| 210 |
_aСПб. _cСПбГМА _d1997 |
||
| 215 |
_a42 с. _cсхем. _d20 |
||
| 300 | _aНа обороте тит. л. авт.: Захарченко М.П., д.м.н., проф., акад. Петров. акад. наук и искусств и Междунар. акад. наук экологии, безопасности человека и природы, Лучкевич В.С., д.м.н., проф., акад. Междунар. акад. наук экологии, безопасности человека и природы, Кудерков С.М., преп., к.м.н., доц. | ||
| 320 | _aБиблиогр.: с. 41 | ||
| 606 | 0 |
_aВредные привычки _9930356 _3RU\NLR\auth\6623896 |
|
| 686 | _aР120.482 | ||
| 700 | 1 |
_aЗахарченко _bМ. П. _gМихаил Петрович _4070 |
|
| 701 | 1 |
_aЛучкевич _bВ. С. _gВладимир Станиславович _4070 |
|
| 701 | 1 |
_aКудерков _bС. М. _gСергей Михайлович _4070 |
|
| 801 | 0 |
_aRU _bNLR _c19990429 _gPSBO |
|
| 801 | 1 |
_aRU _bNLR _c19990429 |
|
| 830 | _aАвт. по кн. | ||
| 852 |
_aNLR _j99-4/1217 |
||
| 942 | _cBOOK | ||
| 980 | _aNB | ||